000 00725nam a2200253 a 4500
001 BRL_1538
005 20190320211243.0
008 240214s1979----u--ao#####---#000-0#eng-#
020 _a0873581717
041 _aeng
044 _au
050 4 _aTT848
_b.B46 1979
100 1 _aBennett, Noël
_d1939-
_926339
245 1 0 _aDesigning with the wool
_badvanced techniques in navajo weaving
_cNoël Bennett.
260 _aFlagstaff, Arizona
_bNorthland
_c1979
300 _ax, 118 p.
_bil. (algunas a color)
_c24 cm.
500 _aAu1605
504 _aBibliografía: p. 111-114
650 1 4 _aTejido a mano
_927208
650 1 4 _aTelas navajo
_926340
650 1 4 _aTextiles navajo
_926341
902 _aGRL
942 _2lcc
_cB
999 _c10347
_d10347